Parigi o cara /

Đã lưu trong:
Chi tiết về thư mục
Tác giả chính: Carpi, Fiorenzo (Nhà soạn nhạc)
Tác giả khác: Girelli, Margherita (Diễn viên), Jacovone, Alessandro (Nhà sản xuất), Bardollet, Michèle (Diễn viên), Ubaldi, Annamaria (Diễn viên), Ottieri Mauri, Silvana (Người viết kịch bản), Valeri, Franca (Diễn viên, Người viết kịch bản), Caprioli, Vittorio, (1921-1989 attore) (Biên kịch, Giám đốc, Người viết kịch bản), Baragli, Nino (Biên tập phim), Mainardi, Renato (Người viết kịch bản), Battistella, Antonio, (1912-1980) (Diễn viên), Di Palma, Carlo, (1925-2004) (Nhiếp ảnh gia), Fiorentini, Fiorenzo, (1920-2003) (Diễn viên)
Định dạng: Slide
Ngôn ngữ:Tiếng Italy
Được phát hành: Campi Bisenzio : Cecchi Gori Home Video, c2010
Các nhãn: Thêm thẻ
Không có thẻ, Là người đầu tiên thẻ bản ghi này!

MARC

LEADER 00000ngm a22000007i 4500
001 IT\ICCU\TO0\1798867
003 ItRI
005 20260124182823.0
008 110203s2010 it |||||||||||||||k|||||c
028 4 2 |a PSV47029 
040 |b ita 
041 7 |a ita  |2 ISO-639-2 
130 0 |a Parigi o cara <film ; 1962>  |3 IT\ICCU\TO0\1798869 
245 0 0 |a Parigi o cara /  |c regia, soggetto e sceneggiatura di Vittorio Caprioli ; sceneggiatura di Renato Mainardi, Franca Valeri, Silvana Ottieri ; fotografia di Carlo Di Palma ; musiche di Fiorenzo Carpi ; montaggio di Nino Baragli ; prodotto da Alessandro Jacovone ; cast: Franca Valeri, Vittorio Caprioli, Fiorenzo Fiorentini ... [et al.]. 
260 |a Campi Bisenzio :  |b Cecchi Gori Home Video,  |c c2010 
300 |a 1 DVD-video (95 min) :  |b a colori, PAL 
500 |a Caratteristiche tecniche: regione 2; 16:9; Dolby digital 2.0 
500 |a Sottotitoli: italiano per non udenti 
500 |a Titolo del contenitore 
500 |a Interpreti: Franca Valeri, Margherita Girelli, Fiorenzo Fiorentini, Michele Bardollet 
500 |a Produzione cinematografica: Italia, 1962 
500 |a Contenuti extra: trailer, galleria fotografica 
700 1 |a Girelli, Margherita  |0 IT\ICCU\CAGV\281654  |4 act 
700 1 |a Jacovone, Alessandro  |0 IT\ICCU\DDSV\345195  |4 pro 
700 1 |a Bardollet, Michèle  |0 IT\ICCU\DDSV\345196  |4 act 
700 1 |a Ubaldi, Annamaria  |0 IT\ICCU\DDSV\345197  |4 act 
700 1 |a Ottieri Mauri, Silvana  |0 IT\ICCU\LO1V\035376  |4 sce 
700 1 |a Carpi, Fiorenzo  |0 IT\ICCU\MILV\101630  |4 cmp 
700 1 |a Valeri, Franca  |0 IT\ICCU\RAVV\070025  |4 act 
700 1 |a Valeri, Franca  |0 IT\ICCU\RAVV\070025  |4 sce 
700 1 |a Caprioli, Vittorio,  |d  (1921-1989  |c attore)  |0 IT\ICCU\RAVV\092898  |4 aus 
700 1 |a Caprioli, Vittorio,  |d  (1921-1989  |c attore)  |0 IT\ICCU\RAVV\092898  |4 drt 
700 1 |a Caprioli, Vittorio,  |d  (1921-1989  |c attore)  |0 IT\ICCU\RAVV\092898  |4 sce 
700 1 |a Baragli, Nino  |0 IT\ICCU\RAVV\280810  |4 flm 
700 1 |a Mainardi, Renato  |0 IT\ICCU\SBLV\181232  |4 sce 
700 1 |a Battistella, Antonio,  |d  (1912-1980)  |0 IT\ICCU\SBNV\007110  |4 act 
700 1 |a Di Palma, Carlo,  |d  (1925-2004)  |0 IT\ICCU\UFIV\121894  |4 pht 
700 1 |a Fiorentini, Fiorenzo,  |d  (1920-2003)  |0 IT\ICCU\URBV\188830  |4 act 
710 2 |a CG Entertainment  |0 IT\ICCU\DDSV\039619  |4 pbl 
790 1 |a Mauri, Silvana  |3 IT\ICCU\SBNV\007292  |z Ottieri Mauri, Silvana 
790 1 |a Ottieri, Silvana  |3 IT\ICCU\SBNV\007293  |z Ottieri Mauri, Silvana 
790 1 |a Norsa, Alma,  |d  (1920-2020)  |3 IT\ICCU\CFIV\121191  |z Valeri, Franca 
790 1 |a Norsa, Franca Maria,  |d  (1920-2020)  |3 IT\ICCU\CFIV\229156  |z Valeri, Franca 
790 1 |a Norsa, Alma,  |d  (1920-2020)  |3 IT\ICCU\CFIV\121191  |z Valeri, Franca 
790 1 |a Norsa, Franca Maria,  |d  (1920-2020)  |3 IT\ICCU\CFIV\229156  |z Valeri, Franca 
791 2 |a Cecchi Gori Entertainment  |3 IT\ICCU\DDSV\353142  |z CG Entertainment 
791 2 |a CG Home Video  |3 IT\ICCU\MODV\664430  |z CG Entertainment 
791 2 |a Cecchi Gori Home Video  |3 IT\ICCU\MODV\664431  |z CG Entertainment 
791 2 |a Cecchi Gori Home Group  |3 IT\ICCU\MODV\664432  |z CG Entertainment 
791 2 |a Cecchi Gori Editoria Elettronica Home video  |3 IT\ICCU\MODV\664433  |z CG Entertainment 
942 |2 ddc  |c VM  |n 0 
952 |0 0  |1 0  |4 0  |6 VO_1869_000000000000000  |7 0  |9 26883  |a BO  |b BO  |d 2026-01-24  |i 14892  |l 0  |o VO 1869  |p BO14892  |r 2026-01-24 18:28:23  |w 2026-01-24  |x [Sebina 5] [1 dvd]  |y VM  |z 1 dvd 
999 |c 22738  |d 22738